000 00925nam a22002537a 4500
005 20240530110459.0
008 150622s2011 ua a 000 f ara d
017 _a2007/17091
_bمصر . دار الكتب المصرية
020 _a9776171133
040 _aEG-CaGPL
082 0 4 _221
_a813.03
_bط/م ض
100 1 _aمايكلز ، ج.ك.
245 1 2 _aالضفدع النارى :
_bرحلة الى قلب الفكر /
_cتاليف ج.ك. مايكلز ؛ ترجمة منى الدروبى
250 _aط2
260 _aالقاهرة :
_bدار البلسم للنشر و التوزيع ،
_c2011 .
300 _a340 ص ؛
_c19 سم .
650 0 4 _aالادب العربى
650 0 4 _aالقصص العربية
650 0 4 _aادب الاطفال
650 0 4 _aتعليم الاطفال
700 0 _aمنى الدروبى
_eمترجم
942 _2ddc
_cBK
999 _c61434
_d61434